[Event "NB II. Barcza csoport"]
[Site "Mezokovesd"]
[Date "2024.03.10"]
[Round "6.11"]
[White "Orovec, Zsombor"]
[Black "Gaspar, Muriel Aranka"]
[Result "1/2-1/2"]
[WhiteElo "1614"]
[BlackElo "1670"]
[PlyCount "122"]
[EventDate "2023.10.08"]
[EventType "team-tourn"]
[EventRounds "9"]
[EventCountry "HUN"]
[Source "chess.hu"]
[WhiteTeam "Karsol-DSBK"]
[BlackTeam "Mezokovesd  Zsory SE"]
[WhiteTeamCountry "HUN"]
[BlackTeamCountry "HUN"]

1. e4 e6 2. d4 d5 3. Nc3 Bb4 4. e5 Ne7 5. Bd3 Nf5 6. Nf3 c5 7. Bxf5 exf5 8. O-O
O-O 9. dxc5 Bxc3 10. bxc3 Nc6 11. Re1 Be6 12. Nd4 Qa5 13. Qd3 Qxc5 14. a4 Rfe8
15. Nb5 Na5 16. Ba3 Qc6 17. Nd6 Red8 18. Qb5 Qxb5 19. axb5 Rd7 20. Bb4 Nc4 21.
Bc5 g5 22. Nxc4 dxc4 23. Bxa7 Rd5 24. Be3 Rxa1 25. Rxa1 f4 26. Bd4 Rxb5 27. Kf1
Rb2 28. Ke2 Rxc2+ 29. Kd1 Rb2 30. g3 fxg3 31. hxg3 Kg7 32. Ra5 Kg6 33. f3 h5
34. Ra8 Kg7 35. Be3 h4 36. Bxg5 hxg3 37. Bf6+ Kg6 38. Rg8+ Kf5 39. Rxg3 Kf4 40.
Bh4 Kxe5 41. Kc1 Re2 42. Bg5 Bf5 43. Bd2 Rh2 44. f4+ Ke6 45. Re3+ Kd7 46. Re1
Bd3 47. Re3 Kc6 48. Re5 f5 49. Re6+ Kd7 50. Re5 Rh1+ 51. Kb2 Rb1+ 52. Ka2 Rd1
53. Be3 Rh1 54. Rb5 Kc6 55. Rc5+ Kd7 56. Rb5 Kc8 57. Bd4 Rh2+ 58. Ka3 Rh1 59.
Be5 Ra1+ 60. Kb4 Rb1+ 61. Kc5 Rxb5+ 1/2-1/2

[Event "NB II. Barcza csoport"]
[Site "Mezokovesd"]
[Date "2024.03.10"]
[Round "6.12"]
[White "Molnar, Marton Adam"]
[Black "Barna, Peter"]
[Result "1/2-1/2"]
[WhiteElo "1609"]
[BlackElo "1702"]
[PlyCount "93"]
[EventDate "2023.10.08"]
[EventType "team-tourn"]
[EventRounds "9"]
[EventCountry "HUN"]
[Source "chess.hu"]
[WhiteTeam "Mezokovesd  Zsory SE"]
[BlackTeam "Karsol-DSBK"]
[WhiteTeamCountry "HUN"]
[BlackTeamCountry "HUN"]

1. e4 e5 2. Nf3 Nf6 3. Nxe5 d6 4. Nf3 Nxe4 5. d4 d5 6. Bd3 Bd6 7. O-O O-O 8. c4
c6 9. Nc3 Bf5 10. Qc2 Re8 11. Re1 Na6 12. a3 Bg4 13. Ne5 Bxe5 14. dxe5 Nac5 15.
f3 Nxd3 16. Qxd3 Nc5 17. Qc2 Bh5 18. f4 d4 19. Nd1 d3 20. Qc3 Bxd1 21. Rxd1 Qb6
22. Be3 Rad8 23. b4 Ne4 24. Bxb6 Nxc3 25. Bxd8 Nxd1 26. Rxd1 Rxd8 27. c5 Rd4
28. g3 Kf8 29. Kf2 Rc4 30. Ke3 Rc2 31. h4 Re2+ 32. Kf3 Ra2 33. Rxd3 Ke7 34. Ke4
g6 35. f5 Re2+ 36. Kf4 Rf2+ 37. Ke4 Rxf5 38. Rf3 Rxf3 39. Kxf3 Ke6 40. Ke4 h5
41. a4 a6 42. a5 Kd7 43. Kf4 Ke7 44. Ke3 Kd8 45. Kf4 Kd7 46. Kf3 Ke7 47. Ke3
1/2-1/2

[Event "NB II. Barcza csoport"]
[Site "Edeleny"]
[Date "2024.03.10"]
[Round "6.1"]
[White "Hando, Vilmos"]
[Black "Kiss, Pal"]
[Result "1-0"]
[WhiteElo "2382"]
[BlackElo "2242"]
[PlyCount "53"]
[EventDate "2023.10.08"]
[EventType "team-tourn"]
[EventRounds "9"]
[EventCountry "HUN"]
[Source "chess.hu"]
[WhiteTeam "Kazincbarcika VSC"]
[BlackTeam "Edelenyi VSE"]
[WhiteTeamCountry "HUN"]
[BlackTeamCountry "HUN"]

1. d4 d5 2. c4 c6 3. cxd5 cxd5 4. Bf4 Nc6 5. e3 Nf6 6. Nc3 a6 7. Be2 Bf5 8. Nf3
e6 9. Qb3 Ra7 10. Ne5 Nxe5 11. Bxe5 Nd7 12. O-O f6 13. Bg3 Be7 14. Rfc1 Kf7 15.
a4 Nb8 16. e4 dxe4 17. d5 Nd7 18. Nxe4 Qb6 19. Qf3 Bxe4 20. Qxe4 e5 21. Bg4 Nf8
22. a5 Qb5 23. Rc7 h5 24. Be2 Qxb2 25. Rd1 h4 26. d6 Ng6 27. Bc4+ 1-0

[Event "NB II. Barcza csoport"]
[Site "Edeleny"]
[Date "2024.03.10"]
[Round "6.2"]
[White "Barva, Attila Dr"]
[Black "Borsos, Bogdan"]
[Result "1-0"]
[WhiteElo "2355"]
[BlackElo "2077"]
[PlyCount "151"]
[EventDate "2023.10.08"]
[EventType "team-tourn"]
[EventRounds "9"]
[EventCountry "HUN"]
[Source "chess.hu"]
[WhiteTeam "Edelenyi VSE"]
[BlackTeam "Kazincbarcika VSC"]
[WhiteTeamCountry "HUN"]
[BlackTeamCountry "HUN"]

1. d4 d5 2. Bf4 c5 3. e3 Nc6 4. c3 Qb6 5. Qb3 c4 6. Qc2 e5 7. dxe5 Bf5 8. Qc1
g5 9. Bxg5 Nxe5 10. Nf3 f6 11. Nxe5 fxg5 12. Be2 Nf6 13. Nf3 O-O-O 14. b3 Kb8
15. Nbd2 Qa5 16. a4 Ne4 17. Nd4 Bg7 18. Nxe4 Bxe4 19. bxc4 dxc4 20. O-O Be5 21.
Qb2 a6 22. Rfd1 Rd6 23. f3 Rb6 24. Qa3 Bd6 25. Nc6+ Bxc6 26. Qxd6+ Ka8 27. Qd4
Re8 28. Bxc4 g4 29. Bf7 Rf8 30. f4 Rb2 31. Bd5 Bxd5 32. Qxd5 Qxc3 33. Qd3 Rc8
34. Qxc3 Rxc3 35. Rd7 Rxe3 36. Rxh7 Ree2 37. g3 Rg2+ 38. Kh1 Rgf2 39. Rh4 Ka7
40. a5 Kb8 41. Rc1 Ra2 42. Kg1 Rg2+ 43. Kh1 Rgf2 44. Rh5 Ka7 45. Rb1 Kb8 46.
Re1 Ka7 47. Rd1 Rf3 48. Kg1 Rff2 49. Rf1 Rg2+ 50. Kh1 Rgb2 51. Rh4 Rxa5 52.
Rxg4 Raa2 53. Rh4 a5 54. f5 Rf2 55. Rxf2 Rxf2 56. Rf4 Rxf4 57. gxf4 a4 58. f6
a3 59. f7 a2 60. f8=Q a1=Q+ 61. Kg2 Qd4 62. Qa3+ Kb8 63. f5 b5 64. Qf8+ Kc7 65.
Qe7+ Kc6 66. Qe6+ Kc7 67. Qe7+ Kc6 68. Qe6+ Kc5 69. f6 Qd2+ 70. Kf3 Qd3+ 71.
Kf4 Qf1+ 72. Kg5 Qg2+ 73. Qg4 Qxh2 74. f7 Qb8 75. Qf5+ Kc4 76. f8=Q 1-0

[Event "NB II. Barcza csoport"]
[Site "Edeleny"]
[Date "2024.03.10"]
[Round "6.5"]
[White "Balazs, Ladislav"]
[Black "Molnar, Laszlo"]
[Result "0-1"]
[WhiteElo "2057"]
[BlackElo "2083"]
[PlyCount "114"]
[EventDate "2023.10.08"]
[EventType "team-tourn"]
[EventRounds "9"]
[EventCountry "HUN"]
[Source "chess.hu"]
[WhiteTeam "Kazincbarcika VSC"]
[BlackTeam "Edelenyi VSE"]
[WhiteTeamCountry "HUN"]
[BlackTeamCountry "HUN"]

1. e4 e5 2. Nf3 Nc6 3. d4 exd4 4. Nxd4 Nf6 5. Nxc6 bxc6 6. e5 Qe7 7. Qe2 Nd5 8.
c4 Nb6 9. b3 g6 10. Ba3 c5 11. Nc3 Bg7 12. f4 O-O 13. Ne4 d6 14. O-O-O Bb7 15.
Qe3 Bxe4 16. Qxe4 dxe5 17. Qc6 exf4 18. Bxc5 Qe5 19. Bd4 Qe6 20. Qxe6 fxe6 21.
Bxg7 Kxg7 22. Re1 Kf6 23. Be2 Rad8 24. Bg4 e5 25. Re2 Nd7 26. Kc2 Rfe8 27. Bf3
Nc5 28. Bd5 Ne6 29. Kc3 Nd4 30. Rf2 g5 31. g3 Nf5 32. Re1 a5 33. a3 c5 34. g4
Nd4 35. Be4 Rb8 36. Rb1 Rh8 37. b4 axb4+ 38. axb4 cxb4+ 39. Rxb4 Rxb4 40. Kxb4
Rb8+ 41. Kc5 Ne6+ 42. Kc6 Rc8+ 43. Kb5 h6 44. Ra2 Rb8+ 45. Kc6 Rc8+ 46. Kb5 Ke7
47. Kb4 Rb8+ 48. Kc3 Nc5 49. Ra7+ Kd6 50. Bc2 e4 51. Rh7 e3 52. Rxh6+ Ke5 53.
Rc6 Ne4+ 54. Bxe4 Kxe4 55. Re6+ Kf3 56. h3 e2 57. Kd4 Kf2 0-1

[Event "NB II. Barcza csoport"]
[Site "Edeleny"]
[Date "2024.03.10"]
[Round "6.6"]
[White "Ladanyi, Tibor"]
[Black "Heinrich, Jan"]
[Result "1-0"]
[WhiteElo "1953"]
[BlackElo "1902"]
[PlyCount "67"]
[EventDate "2023.10.08"]
[EventType "team-tourn"]
[EventRounds "9"]
[EventCountry "HUN"]
[Source "chess.hu"]
[WhiteTeam "Edelenyi VSE"]
[BlackTeam "Kazincbarcika VSC"]
[WhiteTeamCountry "HUN"]
[BlackTeamCountry "HUN"]

1. d4 Nf6 2. c4 g6 3. Nc3 Bg7 4. e4 d6 5. Be2 O-O 6. Nf3 Nbd7 7. O-O e5 8. Be3
Re8 9. d5 Nc5 10. Nd2 a5 11. b3 Nfd7 12. a3 f5 13. f3 f4 14. Bf2 g5 15. Rb1 Nf6
16. b4 axb4 17. axb4 Ncd7 18. c5 Nf8 19. Nc4 dxc5 20. bxc5 h5 21. Nb5 Ra2 22.
d6 Rxe2 23. Qxe2 cxd6 24. Ncxd6 Re7 25. Nxc8 Qxc8 26. Nd6 Qb8 27. Rb4 Ne6 28.
Qc4 Kh7 29. Nf5 Re8 30. c6 b5 31. Rxb5 Qa8 32. Rb7 Kh8 33. Nxg7 Nxg7 34. Qf7
1-0

[Event "NB II. Barcza csoport"]
[Site "Edeleny"]
[Date "2024.03.10"]
[Round "6.7"]
[White "Fazekas, Istvan"]
[Black "Bako, Martin"]
[Result "1/2-1/2"]
[WhiteElo "1872"]
[BlackElo "1978"]
[PlyCount "49"]
[EventDate "2023.10.08"]
[EventType "team-tourn"]
[EventRounds "9"]
[EventCountry "HUN"]
[Source "chess.hu"]
[WhiteTeam "Kazincbarcika VSC"]
[BlackTeam "Edelenyi VSE"]
[WhiteTeamCountry "HUN"]
[BlackTeamCountry "HUN"]

1. e4 d5 2. exd5 Qxd5 3. Nc3 Qa5 4. d3 c6 5. Bd2 Bf5 6. Nf3 Nd7 7. Be2 e6 8.
O-O Ngf6 9. a3 Qc7 10. h3 Bd6 11. Be3 O-O 12. Nh4 Bg6 13. Nxg6 hxg6 14. Bf3
Rfe8 15. Ne4 Nxe4 16. dxe4 Be5 17. c3 Nf6 18. Qc2 Red8 19. Rad1 a5 20. Bd4 b5
21. Bxe5 Qxe5 22. Rxd8+ Rxd8 23. Rd1 Rc8 24. Qd3 Qc5 25. Qd4 1/2-1/2

[Event "NB II. Barcza csoport"]
[Site "Edeleny"]
[Date "2024.03.10"]
[Round "6.8"]
[White "Kristof, Peter"]
[Black "Varga, Laszlo"]
[Result "1-0"]
[WhiteElo "2063"]
[BlackElo "1818"]
[PlyCount "55"]
[EventDate "2023.10.08"]
[EventType "team-tourn"]
[EventRounds "9"]
[EventCountry "HUN"]
[Source "chess.hu"]
[WhiteTeam "Edelenyi VSE"]
[BlackTeam "Kazincbarcika VSC"]
[WhiteTeamCountry "HUN"]
[BlackTeamCountry "HUN"]

1. e4 Nf6 2. e5 Nd5 3. Nc3 Nb6 4. Nf3 d6 5. exd6 exd6 6. d4 Bf5 7. Bd3 Bxd3 8.
Qxd3 Be7 9. Be3 Nc6 10. O-O-O d5 11. Ne5 Nxe5 12. dxe5 c6 13. f4 Nc4 14. Kb1
Qa5 15. Bc1 b5 16. Ne2 Qb6 17. Nd4 O-O-O 18. Nf5 Bf8 19. Rhe1 g6 20. Ne3 Bc5
21. c3 b4 22. Nxc4 dxc4 23. Qxc4 Rxd1 24. Rxd1 Rf8 25. cxb4 Bxb4 26. Be3 c5 27.
Rd6 Qc7 28. a3 1-0

[Event "NB II. Barcza csoport"]
[Site "Edeleny"]
[Date "2024.03.10"]
[Round "6.9"]
[White "Jonizs, Zoltan"]
[Black "Csukerda, Attila"]
[Result "1/2-1/2"]
[WhiteElo "1842"]
[BlackElo "1934"]
[PlyCount "30"]
[EventDate "2023.10.08"]
[EventType "team-tourn"]
[EventRounds "9"]
[EventCountry "HUN"]
[Source "chess.hu"]
[WhiteTeam "Kazincbarcika VSC"]
[BlackTeam "Edelenyi VSE"]
[WhiteTeamCountry "HUN"]
[BlackTeamCountry "HUN"]

1. e4 c6 2. d4 d5 3. Nc3 dxe4 4. Nxe4 Bf5 5. Ng3 Bg6 6. Nf3 Nd7 7. Bd3 e6 8.
Bxg6 hxg6 9. Bf4 Qb6 10. Rb1 Ngf6 11. O-O Be7 12. c3 c5 13. dxc5 Bxc5 14. Qa4
O-O 15. Bg5 Qc6 1/2-1/2

[Event "NB II. Barcza csoport"]
[Site "Edeleny"]
[Date "2024.03.10"]
[Round "6.10"]
[White "Kiraly, Lilla Virag"]
[Black "Toth, Janos"]
[Result "1-0"]
[WhiteElo "1923"]
[BlackElo "1779"]
[PlyCount "87"]
[EventDate "2023.10.08"]
[EventType "team-tourn"]
[EventRounds "9"]
[EventCountry "HUN"]
[Source "chess.hu"]
[WhiteTeam "Edelenyi VSE"]
[BlackTeam "Kazincbarcika VSC"]
[WhiteTeamCountry "HUN"]
[BlackTeamCountry "HUN"]

1. e4 d6 2. d4 e5 3. Be3 Nd7 4. Nf3 Be7 5. Bb5 c6 6. Bc4 Ngf6 7. Nc3 O-O 8. O-O
Qc7 9. Bb3 b6 10. Nh4 Nb8 11. Nf3 Bg4 12. Re1 Bh5 13. a4 a5 14. Qe2 Ng4 15.
Rad1 exd4 16. Bxd4 Ne5 17. Bxe5 dxe5 18. h3 Nd7 19. Bc4 Nc5 20. g4 Bg6 21. Kg2
Rad8 22. b3 Rxd1 23. Rxd1 Rd8 24. Rxd8+ Qxd8 25. Nxe5 Qd6 26. Nxg6 hxg6 27. Qf3
Ne6 28. Bxe6 Qxe6 29. Ne2 Bc5 30. Ng3 Qe5 31. Qd3 Qf4 32. Qe2 f6 33. Nf1 f5 34.
exf5 gxf5 35. Qe6+ Kh7 36. Qxf5+ Qxf5 37. gxf5 g5 38. Ng3 Kg7 39. Ne4 Be7 40.
Kf3 Kh6 41. Kg4 Bd8 42. Nd6 Kg7 43. f3 Be7 44. Ne4 1-0

[Event "NB II. Barcza csoport"]
[Site "Edeleny"]
[Date "2024.03.10"]
[Round "6.11"]
[White "Fazekas, David"]
[Black "Berecz, Kristof"]
[Result "1/2-1/2"]
[WhiteElo "1574"]
[BlackElo "1767"]
[PlyCount "99"]
[EventDate "2023.10.08"]
[EventType "team-tourn"]
[EventRounds "9"]
[EventCountry "HUN"]
[Source "chess.hu"]
[WhiteTeam "Kazincbarcika VSC"]
[BlackTeam "Edelenyi VSE"]
[WhiteTeamCountry "HUN"]
[BlackTeamCountry "HUN"]

1. e4 d5 2. exd5 Qxd5 3. Nc3 Qd8 4. Nf3 Nf6 5. Bc4 Bf5 6. Ne5 e6 7. Qf3 c6 8.
Nxf7 Kxf7 9. Qxf5 Qe7 10. Ne4 g6 11. Ng5+ Ke8 12. Qxe6 Qxe6+ 13. Nxe6 Kd7 14.
Ng5 Bd6 15. O-O h6 16. Nf7 Rh7 17. Nxd6 Kxd6 18. d3 g5 19. Re1 Nbd7 20. Bd2 a5
21. a4 b6 22. Re6+ Kc7 23. b4 axb4 24. Bxb4 Re8 25. a5 Rxe6 26. Bxe6 bxa5 27.
Rxa5 Kb7 28. h3 Kb6 29. Bxd7 Rxd7 30. Ra8 Rh7 31. Bd6 Kb7 32. Rb8+ Ka7 33. Rf8
Nd5 34. c4 Nc3 35. Rc8 Kb7 36. Rb8+ Ka7 37. Rb3 Ne2+ 38. Kf1 Nf4 39. Bxf4 gxf4
40. f3 Re7 41. Kf2 Rg7 42. d4 Rd7 43. Rd3 Ka6 44. g3 fxg3+ 45. Kxg3 Ka5 46. c5
Kb4 47. Kf4 Kc4 48. Ke3 Re7+ 49. Kd2 Rd7 50. Ke3 1/2-1/2

[Event "NB II. Barcza csoport"]
[Site "Edeleny"]
[Date "2024.03.10"]
[Round "6.12"]
[White "Bako, Milan"]
[Black "Fazekas, Tunde"]
[Result "1-0"]
[WhiteElo "1815"]
[BlackElo "1461"]
[PlyCount "119"]
[EventDate "2023.10.08"]
[EventType "team-tourn"]
[EventRounds "9"]
[EventCountry "HUN"]
[Source "chess.hu"]
[WhiteTeam "Edelenyi VSE"]
[BlackTeam "Kazincbarcika VSC"]
[WhiteTeamCountry "HUN"]
[BlackTeamCountry "HUN"]

1. e4 e6 2. d4 Nf6 3. Nc3 g6 4. f4 Bg7 5. Nf3 d6 6. Bd3 Nc6 7. Be3 O-O 8. h3 b6
9. Qd2 Nb4 10. O-O Bb7 11. a3 Nxd3 12. cxd3 d5 13. e5 Nd7 14. g4 f5 15. g5 c5
16. Nb5 c4 17. Nd6 Ba6 18. b4 b5 19. a4 Qb6 20. axb5 Bxb5 21. Ra5 a6 22. dxc4
Bxc4 23. Nxc4 dxc4 24. d5 Qb7 25. dxe6 Nb8 26. Rc5 Nc6 27. Qd5 Kh8 28. Qxc6
Qxb4 29. Rxc4 Qb3 30. Rc3 Qb5 31. Qxb5 axb5 32. Rb1 Rfb8 33. Rcb3 Re8 34. Nd4
Bf8 35. Rxb5 Rac8 36. Kf2 Bc5 37. h4 Bxd4 38. Bxd4 Rxe6 39. Rb8 Rxb8 40. Rxb8+
Kg7 41. Rb7+ Kg8 42. Rb6 Re7 43. e6 Re8 44. Bf6 Kf8 45. Rb7 Rxe6 46. Rxh7 Rc6
47. Rg7 Rc4 48. Be5 Ra4 49. Rxg6 Ra2+ 50. Ke3 Ra3+ 51. Kd4 Rh3 52. Rf6+ Ke8 53.
Rxf5 Rxh4 54. Kd5 Rh7 55. g6 Kd7 56. gxh7 Ke7 57. Bd6+ Kd7 58. Rf7+ Ke8 59. Ke6
Kd8 60. Rf8# 1-0

[Event "NB II. Barcza csoport"]
[Site "Debrecen"]
[Date "2024.03.10"]
[Round "6.1"]
[White "Kovacs, Kristof"]
[Black "Kosa, Peter"]
[Result "0-1"]
[WhiteElo "2000"]
[BlackElo "2050"]
[PlyCount "112"]
[EventDate "2023.10.08"]
[EventType "team-tourn"]
[EventRounds "9"]
[EventCountry "HUN"]
[Source "chess.hu"]
[WhiteTeam "DVTK II."]
[BlackTeam "DEAC-Debr.Sakkiskola"]
[WhiteTeamCountry "HUN"]
[BlackTeamCountry "HUN"]

1. e4 c5 2. Nf3 Nc6 3. d4 cxd4 4. Nxd4 Nf6 5. Nc3 e5 6. Ndb5 d6 7. Bg5 a6 8.
Na3 b5 9. Nd5 Be7 10. Bxf6 Bxf6 11. c4 b4 12. Nc2 Rb8 13. g3 O-O 14. Bg2 Bg5
15. O-O a5 16. Qd3 a4 17. b3 Kh8 18. Rad1 Bg4 19. f3 Bd7 20. Kh1 f5 21. Nde3
Bxe3 22. Qxe3 f4 23. Qd2 Rf6 24. c5 Rh6 25. g4 axb3 26. axb3 Na5 27. cxd6 Nxb3
28. Qd5 Qh4 29. h3 Qg3 30. Ne1 Nd4 31. Rd2 b3 32. Rb2 Rd8 33. Qxe5 Bb5 34. Rff2
Rhxd6 35. Qg5 h6 36. Qc5 Rc6 37. Qe7 Rdc8 38. Kg1 Rc1 39. Qb4 R8c3 40. Rb1
Nxf3+ 41. Rxf3 Qxe1+ 42. Rf1 Qe3+ 43. Kh2 Bxf1 44. Qf8+ Kh7 45. Qf5+ Kg8 46.
Qe6+ Kf8 47. Qd6+ Ke8 48. Qe5+ Kd8 49. Qd5+ Kc7 50. Qe5+ Kb6 51. Qb8+ Kc5 52.
Qc7+ Kb4 53. Qb8+ Bb5 54. Qd6+ Qc5 55. Qxf4 Rxb1 56. e5+ Bc4 0-1

[Event "NB II. Barcza csoport"]
[Site "Debrecen"]
[Date "2024.03.10"]
[Round "6.2"]
[White "Menyhart, Tibor"]
[Black "Matyas, Imre Dr"]
[Result "1-0"]
[WhiteElo "1994"]
[BlackElo "1872"]
[PlyCount "65"]
[EventDate "2023.10.08"]
[EventType "team-tourn"]
[EventRounds "9"]
[EventCountry "HUN"]
[Source "chess.hu"]
[WhiteTeam "DEAC-Debr.Sakkiskola"]
[BlackTeam "DVTK II."]
[WhiteTeamCountry "HUN"]
[BlackTeamCountry "HUN"]

1. d4 d5 2. c4 e6 3. Nc3 Nf6 4. Bg5 Be7 5. e3 O-O 6. Nf3 h6 7. Bh4 a6 8. a4 Nc6
9. h3 a5 10. c5 Nb4 11. Be2 b6 12. cxb6 cxb6 13. O-O Bb7 14. Ne5 Nd7 15. Bg3
Nxe5 16. Bxe5 Bd6 17. Nb5 Bxe5 18. dxe5 Ba6 19. Rc1 Bxb5 20. Bxb5 Rc8 21. Qd4
Rxc1 22. Rxc1 Qb8 23. g3 f6 24. exf6 Rxf6 25. Bd7 Qd6 26. Rc8+ Rf8 27. Rxf8+
Kxf8 28. Bb5 Kf7 29. Kg2 Qc7 30. Qh4 Qd6 31. Qh5+ Kg8 32. Qe8+ Kh7 33. Bd7 1-0

[Event "NB II. Barcza csoport"]
[Site "Debrecen"]
[Date "2024.03.10"]
[Round "6.3"]
[White "Laszlo, Zoltan"]
[Black "Ats, Laszlo Gyorgy"]
[Result "1/2-1/2"]
[WhiteElo "1869"]
[BlackElo "1917"]
[PlyCount "49"]
[EventDate "2023.10.08"]
[EventType "team-tourn"]
[EventRounds "9"]
[EventCountry "HUN"]
[Source "chess.hu"]
[WhiteTeam "DVTK II."]
[BlackTeam "DEAC-Debr.Sakkiskola"]
[WhiteTeamCountry "HUN"]
[BlackTeamCountry "HUN"]

1. Nf3 d5 2. d4 Bf5 3. c4 e6 4. Nc3 c6 5. e3 Bd6 6. Bd3 Bxd3 7. Qxd3 f5 8. b3
Nf6 9. Bb2 Ne4 10. h4 Nd7 11. Nd2 Ndf6 12. Ncxe4 fxe4 13. Qe2 h5 14. a4 Qe7 15.
Rh3 O-O-O 16. c5 Bc7 17. b4 Rdf8 18. b5 Qd7 19. b6 axb6 20. cxb6 Bxb6 21. a5
Ba7 22. Nb3 Kb8 23. Nc5 Qc8 24. Ba3 Re8 25. Rb1 1/2-1/2

[Event "NB II. Barcza csoport"]
[Site "Debrecen"]
[Date "2024.03.10"]
[Round "6.4"]
[White "Halasi, Szabolcs"]
[Black "Juhasz, Sandor"]
[Result "1-0"]
[WhiteElo "1833"]
[BlackElo "1845"]
[PlyCount "71"]
[EventDate "2023.10.08"]
[EventType "team-tourn"]
[EventRounds "9"]
[EventCountry "HUN"]
[Source "chess.hu"]
[WhiteTeam "DEAC-Debr.Sakkiskola"]
[BlackTeam "DVTK II."]
[WhiteTeamCountry "HUN"]
[BlackTeamCountry "HUN"]

1. d4 Nf6 2. Nf3 e6 3. g3 c5 4. Bg2 cxd4 5. O-O Nc6 6. Nxd4 Nxd4 7. Qxd4 Qc7 8.
c4 Bc5 9. Qd3 O-O 10. Nc3 a6 11. Bg5 Be7 12. Ne4 Re8 13. Nxf6+ Bxf6 14. Bxf6
gxf6 15. Rac1 Qe5 16. b3 Rb8 17. Rfd1 Rd8 18. Qd6 Qxd6 19. Rxd6 Kf8 20. Rcd1
Ke7 21. c5 Rg8 22. f4 a5 23. Rb6 Rd8 24. Rdd6 Rg8 25. Kf2 Rg6 26. Rb5 f5 27.
Rxa5 e5 28. Rxg6 hxg6 29. fxe5 Ke6 30. Rb5 f6 31. exf6 Kxf6 32. Rb6+ Ke5 33.
Rxg6 d5 34. cxd6 Be6 35. Rg7 Kxd6 36. Rxb7 1-0

[Event "NB II. Barcza csoport"]
[Site "Debrecen"]
[Date "2024.03.10"]
[Round "6.5"]
[White "Adam, Zoltan"]
[Black "Nemeth, Mark"]
[Result "1/2-1/2"]
[WhiteElo "1888"]
[BlackElo "1843"]
[PlyCount "35"]
[EventDate "2023.10.08"]
[EventType "team-tourn"]
[EventRounds "9"]
[EventCountry "HUN"]
[Source "chess.hu"]
[WhiteTeam "DVTK II."]
[BlackTeam "DEAC-Debr.Sakkiskola"]
[WhiteTeamCountry "HUN"]
[BlackTeamCountry "HUN"]

1. e4 e6 2. d4 d5 3. Nc3 Nf6 4. exd5 exd5 5. Bg5 Be7 6. Qd3 O-O 7. O-O-O c6 8.
f3 Na6 9. g4 Re8 10. h4 Qa5 11. Kb1 b5 12. Bf4 Bf8 13. h5 b4 14. Nce2 c5 15.
dxc5 Nxc5 16. Qd2 Bxg4 17. fxg4 Nce4 18. Qe1 1/2-1/2

[Event "NB II. Barcza csoport"]
[Site "Debrecen"]
[Date "2024.03.10"]
[Round "6.6"]
[White "Kantor, Sandor Dr"]
[Black "Ress, Amira"]
[Result "1/2-1/2"]
[WhiteElo "1876"]
[BlackElo "1720"]
[PlyCount "43"]
[EventDate "2023.10.08"]
[EventType "team-tourn"]
[EventRounds "9"]
[EventCountry "HUN"]
[Source "chess.hu"]
[WhiteTeam "DEAC-Debr.Sakkiskola"]
[BlackTeam "DVTK II."]
[WhiteTeamCountry "HUN"]
[BlackTeamCountry "HUN"]

1. e4 e6 2. d4 d5 3. Nc3 Nf6 4. Bg5 Bb4 5. e5 h6 6. Bd2 Bxc3 7. bxc3 Ne4 8. Bd3
Nxd2 9. Qxd2 Nd7 10. f4 Nb6 11. Nf3 Qe7 12. a4 a5 13. O-O Bd7 14. Bb5 Bxb5 15.
axb5 Qd7 16. Rfb1 O-O 17. Qe2 a4 18. Nd2 Ra5 19. Ra3 Rfa8 20. Rb4 Qe7 21. Qf1
Qd7 22. g3 1/2-1/2

[Event "NB II. Barcza csoport"]
[Site "Debrecen"]
[Date "2024.03.10"]
[Round "6.7"]
[White "Gyorgy, Balazs"]
[Black "Koncz, Istvan"]
[Result "0-1"]
[WhiteElo "1695"]
[BlackElo "1887"]
[PlyCount "76"]
[EventDate "2023.10.08"]
[EventType "team-tourn"]
[EventRounds "9"]
[EventCountry "HUN"]
[Source "chess.hu"]
[WhiteTeam "DVTK II."]
[BlackTeam "DEAC-Debr.Sakkiskola"]
[WhiteTeamCountry "HUN"]
[BlackTeamCountry "HUN"]

1. e4 c5 2. Nf3 d6 3. d4 cxd4 4. Nxd4 Nf6 5. Nc3 a6 6. Bg5 e5 7. Nb3 Be7 8.
Bxf6 Bxf6 9. Bc4 Be6 10. Bd5 Nc6 11. O-O O-O 12. Kh1 Qc7 13. Qd2 Rad8 14. Rad1
h6 15. Ne2 Ne7 16. f4 Bxd5 17. exd5 exf4 18. Nxf4 Bxb2 19. c4 Be5 20. Rc1 Qd7
21. Nd3 Bf6 22. Rc2 Ng6 23. Qf2 Rc8 24. Rd1 Qg4 25. Rdc1 Bg5 26. Nd2 Rfe8 27.
Re1 Rxe1+ 28. Qxe1 Bxd2 29. Rxd2 Qxc4 30. Nf2 Qb4 31. Qd1 Re8 32. h3 b5 33. Kh2
Qf4+ 34. g3 Qc4 35. Kg2 Ne5 36. Kh2 Qc3 37. Kh1 Nc4 38. Re2 Qf3+ 0-1

[Event "NB II. Barcza csoport"]
[Site "Debrecen"]
[Date "2024.03.10"]
[Round "6.8"]
[White "Kerti, Laszlo"]
[Black "Toth, Kinga"]
[Result "1-0"]
[WhiteElo "1833"]
[BlackElo "1674"]
[PlyCount "139"]
[EventDate "2023.10.08"]
[EventType "team-tourn"]
[EventRounds "9"]
[EventCountry "HUN"]
[Source "chess.hu"]
[WhiteTeam "DEAC-Debr.Sakkiskola"]
[BlackTeam "DVTK II."]
[WhiteTeamCountry "HUN"]
[BlackTeamCountry "HUN"]

1. e4 c5 2. Nf3 e6 3. c3 d5 4. exd5 Qxd5 5. d4 cxd4 6. Qxd4 Qxd4 7. Nxd4 a6 8.
g3 e5 9. Nb3 Nc6 10. Bg2 Bd7 11. O-O Be7 12. Be3 Rb8 13. N1d2 f5 14. Bb6 e4 15.
Nc4 Nf6 16. Bc7 Rc8 17. Nd6+ Bxd6 18. Bxd6 Nd8 19. Rad1 Kf7 20. Nd4 Re8 21.
Rfe1 g6 22. h3 Kg7 23. Kh2 Nf7 24. Bf4 g5 25. Be3 h5 26. f4 g4 27. h4 Kg6 28.
Kg1 Nd6 29. Bf1 b5 30. Nc2 Nc4 31. Bxc4 Rxc4 32. Rd6 Rc6 33. Rxc6 Bxc6 34. Nb4
Bb7 35. Rd1 a5 36. Nc2 Rc8 37. Rd6 b4 38. Bd4 Rc6 39. Rxc6 Bxc6 40. cxb4 axb4
41. Nxb4 Bb5 42. Kf2 Bc4 43. a4 Nd5 44. Nc6 Bb3 45. Ne5+ Kh6 46. a5 Nb4 47. Bc3
Na6 48. Ke3 Ba4 49. b4 Bb5 50. Kd4 Kh7 51. Kd5 e3 52. Ke6 Nc7+ 53. Kxf5 Nd5 54.
Be1 e2 55. Kg5 Ne3 56. Kxh5 Nc2 57. Bc3 e1=Q 58. Bxe1 Nxe1 59. Kxg4 Ng2 60. Kg5
Ne3 61. f5 Nd5 62. f6 Nc7 63. h5 Ne6+ 64. Kh4 Nf8 65. g4 Kg8 66. g5 Be2 67. g6
Ne6 68. h6 Bb5 69. h7+ Kh8 70. Nf7# 1-0

[Event "NB II. Barcza csoport"]
[Site "Debrecen"]
[Date "2024.03.10"]
[Round "6.9"]
[White "Toth, Antal Kazimierz"]
[Black "Bordos, Janos"]
[Result "0-1"]
[WhiteElo "1612"]
[BlackElo "1743"]
[PlyCount "66"]
[EventDate "2023.10.08"]
[EventType "team-tourn"]
[EventRounds "9"]
[EventCountry "HUN"]
[Source "chess.hu"]
[WhiteTeam "DVTK II."]
[BlackTeam "DEAC-Debr.Sakkiskola"]
[WhiteTeamCountry "HUN"]
[BlackTeamCountry "HUN"]

1. e4 c5 2. Nf3 d6 3. d4 cxd4 4. Nxd4 Nf6 5. Bd3 Nc6 6. Ne2 g6 7. Nbc3 Bg7 8.
a3 O-O 9. O-O a6 10. Be3 b5 11. Ng3 Ng4 12. Bd2 Nge5 13. Be3 Nxd3 14. Qxd3 Ne5
15. Qd1 Nc4 16. Qc1 Nxe3 17. Qxe3 Bb7 18. Rab1 Rc8 19. Nge2 Qa5 20. Rfc1 Rc4
21. f3 Rfc8 22. Kh1 Qc7 23. Qd2 e6 24. Rd1 d5 25. exd5 exd5 26. Qe3 Qc5 27. Qd3
d4 28. Na2 Qh5 29. Rbc1 a5 30. b3 R4c6 31. Qe4 R6c7 32. Qd3 Bh6 33. f4 Qg4 0-1